000
00326nam a22001457a 4500
003
SGT
020
_a
938426673-6
082
_a
615.19
_b
DAN
100
_a
DANDAGVHAL, KAMLESH R.
245
_a
MEDICINAL CHEMISTRY
260
_a
INDIA
_b
BIRLA PUB.
_c
2027
300
_a
76
650
_a
MEDICINAL CHEMISTRY
942
_2
ddc
_c
BK
999
_c
33011
_d
33011